000 01896cad a22003135a 4500
008 090929s2009 xxk f 000 0 eng d
020 _a9781444301632
035 _a(Sirsi) u148516
041 _aeng
050 _a692.8
100 _aEggleston, Brian
245 _aLiquidated damages and extensions of time in construction contracts
_h[electronic resource]
250 _a3rd ed.
260 _aOxford
_bWiley-Blackwell Science Ltd.
_c2009
300 _aeBook
520 _aThis eBook considers the law on time and damages and how it continues to develop with an increasing flow of judgements from the courts. Alongside this, the standard forms of contract have also developed over time to reflect prevailing approaches to contractual relationships. Against this background a third edition will be welcomed by construction professionals and lawyers alike. Retaining the overall approach of the previous editions, the author clarifies, in a highly readable but legally rigorous way, the many misunderstandings on time and damages which abound in the construction industry. The third edition takes account of a large volume of new case law since the previous edition was published over ten years ago, includes a new chapter on delay analysis and features significantly expanded chapters on penalty clauses, the effects of conditions precedent and time-bars, and the complexities of causation.
650 _aBUILT ENVIRONMENT-BUILDING CONTRACT FORMS
650 _aEBOOK
650 _aDETERMINATION
650 _aEXTENSIONS OF TIME
650 _aLATE COMPLETION
650 _aLIQUIDATED DAMAGES
650 _aSECTIONAL COMPLETION
650 _aTIME OF THE ESSENCE
651 4 _aENGLAND AND WALES
690 _aBUILT ENVIRONMENT-BUILDING CONTRACT FORMS
856 4 8 _uhttps://www.vlebooks.com/
_zView on VLEbooks. Logins for members only from [email protected]
942 _n0
999 _c110079
_d110079